000 00528nam a2200181 a 4500
005 20140310183211.0
008 030224s19uu xx 00 eng d
050 _aPE 1408
_b.Sch377 1990
100 _aSchrank, Jeffrey
245 _aLively writing :
_bthe process of creative communication /
_cJeffrey Schrank.
260 _aUSA :
_bNTC Publishing Group Inc.,
_c1990.
300 _a294 p. :
_bill. col. ;
_c27 cm.
521 _aMC
650 _aWriting
650 _aCommunication
942 _cBK
_2lcc
_kFOR
999 _c20123
_d20123